Central Library OPAC University of Rajshahi

The North American city / (Record no. 34458)

MARC details
000 -LEADER
fixed length control field 00841nam a2200277 a 4500
001 - CONTROL NUMBER
control field 34458
003 - CONTROL NUMBER IDENTIFIER
rucl marc code BD-RjUL
005 - DATE AND TIME OF LATEST TRANSACTION
control field 20211209052149.0
008 - FIXED-LENGTH DATA ELEMENTS--GENERAL INFORMATION
fixed length control field 140517s1976 us 001 0 eng d
020 ## - INTERNATIONAL STANDARD BOOK NUMBER
International Standard Book Number 0060473312
035 ## - SYSTEM CONTROL NUMBER
System control number (BD-RjUL)34552
040 ## - CATALOGING SOURCE
Original cataloging agency BD-RjUL
Language of cataloging eng
Transcribing agency BD-RjUL
Modifying agency BD-RjUL
041 ## - LANGUAGE CODE
Language code of text/sound track or separate title eng
082 ## - DEWEY DECIMAL CLASSIFICATION NUMBER
Classification number 307.76097
Author mark and year YEN 1976
100 1# - MAIN ENTRY--PERSONAL NAME
Personal name Yeates, Maurice
9 (RLIN) 104793
245 14 - TITLE STATEMENT
Title The North American city /
Statement of responsibility, etc. Maurice Yeates, Barry Garner
250 ## - EDITION STATEMENT
Edition statement 2nd ed
260 ## - PUBLICATION, DISTRIBUTION, ETC. (IMPRINT)
Place of publication, distribution, etc. New York ;
-- London :
Name of publisher, distributor, etc. Harper & Row,
Date of publication, distribution, etc. c1976.
300 ## - PHYSICAL DESCRIPTION
Pagination xxv, 513 p. :
Illustrations ill., maps, figs ;
Size 24 cm
504 ## - BIBLIOGRAPHY, ETC. NOTE
Bibliography, etc Includes index and Bibliography: p. 484-504.
650 #0 - SUBJECT ADDED ENTRY--TOPICAL TERM
Topical term or geographic name as entry element Cities and towns
Geographic subdivision North America
9 (RLIN) 104794
700 1# - ADDED ENTRY--PERSONAL NAME
Personal name Garner, Barry J.,
Dates associated with a name 1937-
942 ## - ADDED ENTRY ELEMENTS (KOHA)
Source of classification or shelving scheme Dewey Decimal Classification
Koha item type Books
Holdings
Lost status Source of classification or shelving scheme Damaged status Not for loan Collection code Permanent Location Current Location Shelving location Date acquired Source of acquisition Cost, normal purchase price Total Checkouts Full call number Date last seen Copy number Koha item type
  Dewey Decimal Classification     Non-fiction Central Library, University of Rajshahi Central Library, University of Rajshahi   10/03/1980 Heffers 11.95   307.76097 YEN 1976 17/05/2014 C-5 Books
  Dewey Decimal Classification     Non-fiction Central Library, University of Rajshahi Central Library, University of Rajshahi   10/03/1980 W. Heffers and Sons 11.95   307.76097 YEN 1976 19/05/2014 C-4 Books
  Dewey Decimal Classification     Non-fiction Central Library, University of Rajshahi Central Library, University of Rajshahi   10/03/1980 Heffers. 11.95   307.76097 YEN 1976 04/09/2016 C-6 Books
  Dewey Decimal Classification     Non-fiction Central Library, University of Rajshahi Central Library, University of Rajshahi   10/03/1980 Heffers 11.95   307.76097 YEN 1976 11/12/2016 C-7 Books